[Event "TCh-CHN Division A 2014"]
[Site "Jinan CHN"]
[Date "2014.06.04"]
[Round "6.6"]
[White "Ju, Wenjun"]
[Black "Lei, Tingjie"]
[Result "1-0"]
[WhiteTitle "WGM"]
[BlackTitle "WGM"]
[WhiteElo "2582"]
[BlackElo "2421"]
[WhiteTeam "Shanghai"]
[BlackTeam "Qingdao Experimental School"]
[WhiteFideId "8603006"]
[BlackFideId "8605114"]
[EventDate "2014.04.12"]

1. d4 Nf6 2. c4 g6 3. Nc3 d5 4. cxd5 Nxd5 5. e4 Nxc3 6. bxc3 Bg7 7. Nf3 c5 8. h3
Nc6 9. Be3 cxd4 10. cxd4 Qa5+ 11. Bd2 Qd8 12. Bc3 O-O 13. Be2 Qd6 14. Qd2 Rd8
15. Rd1 Qa3 16. O-O b6 17. Bb2 Qb4 18. Bc3 Qa3 19. Bb2 Qb4 20. Qc1 Bb7 21. Bc3
Qd6 22. Qb2 Rac8 23. d5 Bxc3 24. Qxc3 Na5 25. Qe3 Rc2 26. e5 Qc7 27. Qh6 f6 28.
Nd4 Qxe5 29. Nxc2 Qxe2 30. Rfe1 1-0

[Event "TCh-CHN Division A 2014"]
[Site "Jinan CHN"]
[Date "2014.06.05"]
[Round "7.1"]
[White "Wang, Rui"]
[Black "Bologan, Viktor"]
[Result "1/2-1/2"]
[WhiteTitle "GM"]
[BlackTitle "GM"]
[WhiteElo "2394"]
[BlackElo "2643"]
[WhiteTeam "Hebei"]
[BlackTeam "Beijing"]
[WhiteFideId "8601003"]
[BlackFideId "13900048"]
[EventDate "2014.04.12"]

1. e4 c5 2. Nf3 d6 3. d4 cxd4 4. Nxd4 Nf6 5. Nc3 a6 6. Be2 e5 7. Nb3 Be7 8. O-O
O-O 9. Be3 Be6 10. a4 Nbd7 11. a5 Rc8 12. Qd2 Qc7 13. Rfd1 h6 14. Nc1 Rfd8 15.
Qe1 Nh7 16. f3 Nhf6 17. Nd3 d5 18. exd5 Bxd5 19. Rdc1 Be6 20. Kh1 Qb8 21. Qg1
Rc6 22. Na4 Nd5 23. Ba7 Qc7 24. c3 f5 25. c4 Rxc4 26. Nac5 Rxc1 27. Rxc1 Nxc5
28. Nxc5 Bxc5 29. Rxc5 Qe7 30. Bc4 f4 31. Qe1 Bf7 32. Bxd5 Bxd5 33. Bb6 Rd7 34.
Kg1 Qe6 35. Rc7 Rd6 36. Bc5 Rc6 37. Rxc6 Qxc6 38. b4 e4 39. fxe4 Bxe4 40. Qd2
Qg6 41. Kf1 Qf6 42. Qd4 Qf5 43. Qf2 Bc6 44. Kg1 Qe4 45. h3 Kh7 46. Kh2 g5 47.
Bd6 Kg6 48. Bc5 Bd5 49. Bf8 Qe5 50. Kg1 Qe4 51. Kh2 Kh5 52. Bc5 Qd3 53. Qe1 Bc6
54. Qf2 Kg6 55. Bf8 Qd5 56. Qc2+ Kf6 57. Qe2 Kf5 58. Bc5 h5 59. Qc2+ Kf6 60. Qe2
Kg6 61. Qc2+ Kg7 62. Qb2+ Kg8 63. Qe2 Qb3 64. Qf2 Qd3 65. h4 Qf5 66. hxg5 f3 67.
gxf3 Bxf3 68. Qd2 Bd5 69. Qe3 Bc6 70. Qb3+ Kh7 71. Qg3 Qe4 72. Qc7+ Kg6 73. Qd6+
Kf5 74. Qf6+ Kg4 75. Qd4 1/2-1/2

[Event "TCh-CHN Division A 2014"]
[Site "Jinan CHN"]
[Date "2014.06.05"]
[Round "7.1"]
[White "Wan, Yunguo"]
[Black "Yu, Yangyi"]
[Result "0-1"]
[WhiteTitle "IM"]
[BlackTitle "GM"]
[WhiteElo "2493"]
[BlackElo "2705"]
[WhiteTeam "Hebei"]
[BlackTeam "Beijing"]
[WhiteFideId "8603189"]
[BlackFideId "8603820"]
[EventDate "2014.04.12"]

1. e4 c5 2. Nf3 d6 3. d4 cxd4 4. Nxd4 Nf6 5. Nc3 a6 6. Be3 Ng4 7. Bg5 h6 8. Bh4
g5 9. Bg3 Bg7 10. Qd2 Nc6 11. Nb3 b5 12. O-O-O Rb8 13. f3 Nge5 14. Bf2 b4 15.
Nd5 e6 16. Ne3 O-O 17. Qxd6 Qf6 18. Nd5 exd5 19. Qxf6 Bxf6 20. exd5 Ne7 21. Ba7
Ra8 22. Bb6 Bf5 23. Rd2 Rfc8 24. d6 N7c6 25. Nc5 a5 26. Bc7 Bd8 27. Ba6 Rxc7 28.
dxc7 Bxc7 29. Bb7 Ra7 30. Re1 Ne7 31. Na6 Nd3+ 32. cxd3 Bd6 33. Be4 Be6 34. Kb1
Rxa6 35. g3 Kg7 36. d4 a4 37. d5 Bd7 38. Rf1 Ra5 39. Rfd1 h5 40. Rg1 Ng8 41. f4
Nf6 42. Bf3 g4 43. Bd1 Ne4 44. Re2 Rxd5 45. Bxa4 Bxa4 46. Rxe4 Rd2 0-1

[Event "TCh-CHN Division A 2014"]
[Site "Jinan CHN"]
[Date "2014.06.05"]
[Round "7.1"]
[White "Yang, Kaiqi"]
[Black "Xiu, Deshun"]
[Result "1/2-1/2"]
[WhiteTitle "IM"]
[BlackTitle "GM"]
[WhiteElo "2351"]
[BlackElo "2553"]
[WhiteTeam "Hebei"]
[BlackTeam "Beijing"]
[WhiteFideId "8604398"]
[BlackFideId "8603693"]
[EventDate "2014.04.12"]

1. e4 c5 2. Nf3 d6 3. d4 cxd4 4. Nxd4 Nf6 5. Nc3 a6 6. Be3 e5 7. Nf3 Be7 8. Bc4
O-O 9. O-O Nc6 10. Re1 Be6 11. Nd5 Bxd5 12. exd5 b5 13. Bf1 Nb4 14. c4 bxc4 15.
Bxc4 Qa5 16. Bd2 Qc5 17. Rc1 Nbxd5 18. Bg5 Qa5 19. Nxe5 dxe5 20. Rxe5 Qb4 21.
Bxd5 Nxd5 22. Rxd5 Bxg5 23. Rxg5 Qxb2 24. Qc2 Rab8 25. Rc5 Qxc2 26. R5xc2 Rb4
27. Rc4 Rb2 28. R4c2 Rb4 29. Rc4 Rb2 30. R4c2 Rb4 31. Rc4 1/2-1/2

[Event "TCh-CHN Division A 2014"]
[Site "Jinan CHN"]
[Date "2014.06.05"]
[Round "7.1"]
[White "Gunina, Valentina"]
[Black "Zhai, Mo"]
[Result "0-1"]
[WhiteTitle "GM"]
[BlackTitle "WIM"]
[WhiteElo "2522"]
[BlackElo "2325"]
[WhiteTeam "Beijing"]
[BlackTeam "Hebei"]
[WhiteFideId "4167570"]
[BlackFideId "8600201"]
[EventDate "2014.04.12"]

1. d4 Nf6 2. c4 e6 3. Nf3 d5 4. g3 Be7 5. Bg2 O-O 6. O-O dxc4 7. Qc2 a6 8. Qxc4
b5 9. Qc2 Bb7 10. Bd2 Nbd7 11. Ba5 Bd6 12. Nbd2 Qb8 13. b4 Qa7 14. Nb3 Be4 15.
Qb2 Nb6 16. Nbd2 Bd5 17. Ne1 Bxg2 18. Nxg2 Na4 19. Qc2 Qxd4 20. Rac1 Qe5 21. e4
Qh5 22. Qc6 Rad8 23. Rc2 Be5 24. f3 Rd6 25. Qb7 Rd7 26. Qxa6 Rfd8 27. Nb3 Rd1
28. Rf2 Nc3 29. Ne3 R1d3 30. Qa7 Qh6 31. Re1 Nxa2 32. Rxa2 Rxb3 33. Bxc7 Bxc7
34. Qxc7 Rf8 35. Qc5 Qh5 36. e5 Nd7 37. Qc2 Rxb4 38. f4 Qf3 39. Qd2 Rb3 40. Nc2
Rd3 41. Qb4 Qd5 42. Rb2 Rc8 43. Ne3 Qc5 44. Qe4 Rc3 45. Kg2 Nb6 46. Ree2 Na4 47.
Rbd2 b4 48. f5 Qc6 49. Qxc6 R3xc6 50. Rd4 Rb8 51. Ra2 Ra6 52. Nd1 exf5 53. Ra1
Raa8 54. Rb1 b3 55. Rd3 Nc5 56. Rc3 Rb5 57. Kh3 g6 58. Ne3 b2 59. Nc4 Na4 60.
Ra3 Rb4 61. Ne3 Rc8 62. Nd5 Rc1 63. Rxa4 Rxa4 64. Rxb2 Kg7 65. e6 fxe6 66. Rb7+
Kh6 67. Nf6 Rc2 0-1

[Event "TCh-CHN Division A 2014"]
[Site "Jinan CHN"]
[Date "2014.06.05"]
[Round "7.1"]
[White "Wang, Jue"]
[Black "Wang, Doudou"]
[Result "1-0"]
[WhiteTitle "WGM"]
[BlackTitle "WIM"]
[WhiteElo "2353"]
[BlackElo "2215"]
[WhiteTeam "Beijing"]
[BlackTeam "Hebei"]
[WhiteFideId "8604070"]
[BlackFideId "8603197"]
[EventDate "2014.04.12"]

1. e4 e5 2. Nf3 d6 3. d4 exd4 4. Nxd4 Nf6 5. Nc3 Be7 6. g3 Nc6 7. Bg2 Nxd4 8.
Qxd4 O-O 9. O-O c6 10. b3 Re8 11. Bb2 Bf8 12. h3 Qa5 13. Rad1 Be6 14. Qd3 Rad8
15. Ne2 Nd7 16. Bc3 Qa3 17. Nf4 Nc5 18. Qd2 Bd7 19. Rfe1 Ne6 20. Nh5 Qc5 21. g4
Bc8 22. Bb4 Qg5 23. f4 Qh4 24. f5 Nc5 25. Qf4 Be7 26. Bc3 Bf8 27. Re3 Nd7 28. f6
gxf6 29. Bxf6 Nxf6 30. Nxf6+ Kh8 31. Nxe8 Bh6 32. Qxf7 Bxe3+ 33. Kh1 Qh6 34. Rf1
Be6 35. Qf6+ Qxf6 36. Nxf6 a5 37. Nh5 a4 38. Nf4 Bg8 39. Nd3 Kg7 40. Kh2 b5 41.
Kg3 Bd4 42. e5 dxe5 43. Bxc6 axb3 44. cxb3 Rc8 45. Bxb5 e4 46. Nf4 Rc3+ 47. Kh4
h6 48. Nh5+ Kh8 49. Ng3 e3 50. Ne2 1-0

[Event "TCh-CHN Division A 2014"]
[Site "Jinan CHN"]
[Date "2014.06.05"]
[Round "7.2"]
[White "Zhou, Weiqi"]
[Black "Ding, Liren"]
[Result "0-1"]
[WhiteTitle "GM"]
[BlackTitle "GM"]
[WhiteElo "2614"]
[BlackElo "2730"]
[WhiteTeam "Chongqing"]
[BlackTeam "Zhejiang"]
[WhiteFideId "8601674"]
[BlackFideId "8603677"]
[EventDate "2014.04.12"]

1. d4 Nf6 2. c4 g6 3. Nc3 Bg7 4. e4 d6 5. Bd3 O-O 6. Nge2 c5 7. d5 e6 8. Bg5 h6
9. Bh4 g5 10. Bg3 Nh5 11. Qd2 Na6 12. O-O Nc7 13. f4 Nxg3 14. Nxg3 gxf4 15. Qxf4
Ne8 16. Nh5 Bd4+ 17. Kh1 Qg5 18. Qxg5+ hxg5 19. h4 gxh4 20. Rf4 Ng7 21. Rxh4
Nxh5 22. Rxh5 Bd7 23. Rf1 Kg7 24. Rg5+ Kh6 25. Rg3 Be5 26. Rgf3 Kg7 27. Ne2 exd5
28. Nf4 Bg4 29. Rg3 Rh8+ 30. Kg1 Bd4+ 31. Rf2 Rh4 32. Be2 Kh6 33. Bxg4 Rg8 34.
Ne2 Bxf2+ 35. Kf1 Bxg3 0-1

[Event "TCh-CHN Division A 2014"]
[Site "Jinan CHN"]
[Date "2014.06.05"]
[Round "7.2"]
[White "Wang, Chen"]
[Black "Lan, Zilun"]
[Result "1-0"]
[WhiteTitle "IM"]
[WhiteElo "2508"]
[BlackElo "2147"]
[WhiteTeam "Chongqing"]
[BlackTeam "Zhejiang"]
[WhiteFideId "8601020"]
[BlackFideId "8604193"]
[EventDate "2014.04.12"]

1. e4 c6 2. d4 d5 3. Nd2 dxe4 4. Nxe4 Nd7 5. Bc4 Ngf6 6. Nxf6+ Nxf6 7. Nf3 Bf5
8. Ne5 e6 9. g4 Bg6 10. h4 Bd6 11. Qe2 Be4 12. f3 Bd5 13. Bd3 b5 14. a4 b4 15.
c4 bxc3 16. bxc3 c5 17. Bb5+ Ke7 18. c4 Bb7 19. Ba3 Rc8 20. dxc5 Bxc5 21. Qe3
Qb6 22. Nc6+ Rxc6 23. Bxc6 Bb4+ 24. Ke2 Qxe3+ 25. Kxe3 Bxa3 26. Bxb7 Bc5+ 27.
Ke2 Ne8 28. Be4 Nd6 29. a5 Kf6 30. Bd3 Ke5 31. Rab1 f5 32. Rh2 Kf4 33. Rg2 g6
34. h5 g5 35. h6 Rg8 36. Rh2 Re8 37. Rhh1 Rd8 38. Rb3 Rd7 39. Rd1 Nf7 40. Rb5
Rc7 41. gxf5 Nd6 42. fxe6 Nxb5 43. cxb5 g4 44. fxg4 Kxg4 45. Rc1 Kg5 46. b6 axb6
47. axb6 Rc6 48. Rxc5+ 1-0

[Event "TCh-CHN Division A 2014"]
[Site "Jinan CHN"]
[Date "2014.06.05"]
[Round "7.2"]
[White "Ding, Yixin"]
[Black "Huang, Qian"]
[Result "1/2-1/2"]
[WhiteTitle "WGM"]
[BlackTitle "WGM"]
[WhiteElo "2440"]
[BlackElo "2464"]
[WhiteTeam "Zhejiang"]
[BlackTeam "Chongqing"]
[WhiteFideId "8602972"]
[BlackFideId "8602689"]
[EventDate "2014.04.12"]

1. Nf3 Nf6 2. c4 c5 3. g3 g6 4. Bg2 Bg7 5. O-O O-O 6. d4 cxd4 7. Nxd4 d5 8. cxd5
Nxd5 9. Nc3 Nxc3 10. bxc3 Nc6 11. Nxc6 bxc6 12. Qb3 Qb6 13. Qxb6 axb6 14. Bxc6
Bxc3 15. Bxa8 Bxa1 16. Be3 Be6 17. Rxa1 Rxa8 18. Bxb6 Rxa2 19. Rxa2 Bxa2 20. f4
f5 21. Kf2 Kf7 22. Bd4 Bc4 23. h4 h5 24. e3 Ke6 25. Be5 Kd5 26. Bd4 Ke4 27. Be5
Ba6 28. Bd4 Bb7 29. Be5 Ba6 30. Bd4 Bb7 31. Be5 1/2-1/2

[Event "TCh-CHN Division A 2014"]
[Site "Jinan CHN"]
[Date "2014.06.05"]
[Round "7.2"]
[White "Li, Yunshan"]
[Black "Liu, Manli CHN"]
[Result "1/2-1/2"]
[WhiteTitle "WFM"]
[WhiteElo "1951"]
[BlackElo "1988"]
[WhiteTeam "Chengdu"]
[BlackTeam "Guangdong"]
[WhiteFideId "8607664"]
[BlackFideId "8608121"]
[EventDate "2014.04.12"]

1. e4 c5 2. Nf3 Nc6 3. d4 cxd4 4. Nxd4 g6 5. Nc3 Bg7 6. Be3 Nf6 7. Bc4 O-O 8.
Bb3 d6 9. f3 Bd7 10. Qd2 Nxd4 11. Bxd4 b5 12. g4 a5 13. Nd5 e6 14. Nxf6+ Bxf6
15. a3 Ra6 16. c3 Bh4+ 17. Bf2 Bxf2+ 18. Qxf2 Qc7 19. O-O Qb6 20. Rfd1 Qxf2+ 21.
Kxf2 Rc8 22. e5 d5 23. Rd4 Rb6 24. Ke3 Kf8 25. g5 Kg7 26. Rh4 Rcb8 27. Rd1 b4
28. axb4 axb4 29. c4 dxc4 30. Rxd7 cxb3 31. Rf4 Rf8 32. Rc4 h6 33. h4 hxg5 34.
hxg5 Rb5 35. f4 Rbb8 36. Rcc7 Ra8 37. Re7 Ra2 38. Rxe6 Rxb2 39. Ree7 Re2+ 40.
Kxe2 b2 41. e6 b1=Q 42. Rxf7+ Rxf7 43. Rxf7+ Kg8 44. Rf6 b3 45. e7 Qe4+ 46. Kd2
Kg7 47. Kc3 Qxe7 48. Rc6 b2 49. Kd4 1/2-1/2

[Event "TCh-CHN Division A 2014"]
[Site "Jinan CHN"]
[Date "2014.06.05"]
[Round "7.3"]
[White "Zhou, Jianchao"]
[Black "Zhao, Jun"]
[Result "1-0"]
[WhiteTitle "GM"]
[BlackTitle "GM"]
[WhiteElo "2590"]
[BlackElo "2578"]
[WhiteTeam "Shanghai"]
[BlackTeam "Shandong"]
[WhiteFideId "8603537"]
[BlackFideId "8602522"]
[EventDate "2014.04.12"]

1. c4 Nf6 2. Nc3 g6 3. e4 d6 4. d4 Bg7 5. h3 O-O 6. Nf3 Na6 7. Bg5 c6 8. Be2 e5
9. d5 h6 10. Be3 Nh5 11. Nh2 Nf4 12. Bf1 cxd5 13. cxd5 b5 14. g3 b4 15. Na4 Nxh3
16. Ng4 h5 17. Nh6+ Bxh6 18. Bxh6 Ng5 19. Bxf8 Kxf8 20. Bd3 Qf6 21. Qe2 Nf3+ 22.
Kf1 Nb8 23. a3 Bg4 24. Qe3 b3 25. Be2 Nd7 26. Kg2 1-0

[Event "TCh-CHN Division A 2014"]
[Site "Jinan CHN"]
[Date "2014.06.05"]
[Round "7.3"]
[White "Lou, Yiping"]
[Black "Wen, Yang"]
[Result "1/2-1/2"]
[WhiteTitle "IM"]
[BlackTitle "GM"]
[WhiteElo "2461"]
[BlackElo "2586"]
[WhiteTeam "Shanghai"]
[BlackTeam "Shandong"]
[WhiteFideId "8603928"]
[BlackFideId "8602956"]
[EventDate "2014.04.12"]

1. d4 Nf6 2. c4 g6 3. Nc3 Bg7 4. e4 d6 5. Nf3 O-O 6. Be2 e5 7. O-O Nc6 8. d5 Ne7
9. b4 Nh5 10. Re1 f5 11. Ng5 Nf6 12. Bf3 h6 13. Ne6 Bxe6 14. dxe6 c6 15. b5 fxe4
16. Nxe4 Nxe4 17. Bxe4 d5 18. cxd5 cxd5 19. Ba3 dxe4 20. Qxd8 Rfxd8 21. Bxe7 Re8
22. Bc5 Rxe6 23. Rxe4 a6 24. bxa6 Rexa6 25. a3 Bf8 26. Bxf8 Kxf8 27. Rxe5 Rxa3
28. Rxa3 Rxa3 29. h4 Rb3 30. h5 Kf7 31. hxg6+ Kxg6 32. g4 Rb4 33. Kh2 Rxg4 34.
Rb5 Rf4 35. Rxb7 Rxf2+ 36. Kg3 Rf7 37. Rxf7 1/2-1/2

[Event "TCh-CHN Division A 2014"]
[Site "Jinan CHN"]
[Date "2014.06.05"]
[Round "7.3"]
[White "Xu, Huahua"]
[Black "Zhang, Xiaowen"]
[Result "1/2-1/2"]
[WhiteTitle "WIM"]
[BlackTitle "WGM"]
[WhiteElo "2106"]
[BlackElo "2355"]
[WhiteTeam "Shandong"]
[BlackTeam "Shanghai"]
[WhiteFideId "8604096"]
[BlackFideId "8603219"]
[EventDate "2014.04.12"]

1. e4 e6 2. d4 d5 3. Nd2 Nf6 4. e5 Nfd7 5. Bd3 c5 6. c3 Nc6 7. Ne2 cxd4 8. cxd4
f6 9. exf6 Nxf6 10. Nf3 Qc7 11. O-O Bd6 12. g3 O-O 13. Bf4 Bd7 14. Rc1 Rae8 15.
Ne5 Qb8 16. Nxd7 Nxd7 17. Bxd6 Qxd6 18. f4 Qb4 19. Qb3 Qxb3 20. axb3 Rc8 21. Bb5
Ndb8 22. Bxc6 Nxc6 23. Rc3 Rf7 24. Rfc1 Rcf8 25. Re3 Rf6 26. Kg2 h6 27. h4 Kf7
28. b4 a6 29. Rb3 Kg8 30. b5 axb5 31. Rxb5 R8f7 32. Rc3 g5 33. hxg5 hxg5 34.
Rcb3 gxf4 35. gxf4 Rg6+ 36. Rg3 1/2-1/2

[Event "TCh-CHN Division A 2014"]
[Site "Jinan CHN"]
[Date "2014.06.05"]
[Round "7.3"]
[White "Xiao, Yiyi"]
[Black "Ju, Wenjun"]
[Result "1/2-1/2"]
[WhiteTitle "WFM"]
[BlackTitle "WGM"]
[WhiteElo "2248"]
[BlackElo "2582"]
[WhiteTeam "Shandong"]
[BlackTeam "Shanghai"]
[WhiteFideId "8606161"]
[BlackFideId "8603006"]
[EventDate "2014.04.12"]

1. d4 Nf6 2. c4 g6 3. g3 Bg7 4. Bg2 O-O 5. Nc3 d6 6. Nf3 Nc6 7. O-O Bf5 8. d5
Na5 9. Nd2 c5 10. e4 Bd7 11. Qc2 a6 12. b3 b5 13. Bb2 Rb8 14. Rab1 e5 15. dxe6
Bxe6 16. Nd5 Nc6 17. Rbd1 Re8 18. Qc1 Bxd5 19. exd5 Ne5 20. Qc2 bxc4 21. Nxc4
Nxc4 22. Qxc4 Qa5 23. Ra1 Nh5 24. Bxg7 Nxg7 25. a3 Nf5 26. b4 Qb5 27. Qf4 cxb4
28. axb4 Qxb4 29. Qxb4 Rxb4 30. Rxa6 Rd4 31. Rb1 h5 32. Bh3 Rxd5 33. Bxf5 gxf5
34. Rb7 Re6 35. Kg2 Rd2 36. Ra5 d5 37. Ra8+ Kg7 38. Raa7 Rf6 39. Ra4 Kg6 40.
Rbb4 Re6 41. Rd4 Ree2 42. Ra6+ f6 43. Rf4 d4 44. Rd6 Re4 45. Rf3 Kg5 46. h4+ Kg6
47. Rd5 Re5 48. Rd7 Ree2 49. Rd5 Re5 50. Rd7 Re1 51. Rd5 1/2-1/2

[Event "TCh-CHN Division A 2014"]
[Site "Jinan CHN"]
[Date "2014.06.05"]
[Round "7.4"]
[White "Yu, Chaojie"]
[Black "Xu, Zhihang"]
[Result "1-0"]
[WhiteElo "2107"]
[BlackElo "2119"]
[WhiteTeam "Qingdao Qingwei"]
[BlackTeam "Qingdao Experimental School"]
[WhiteFideId "8608555"]
[BlackFideId "8611572"]
[EventDate "2014.04.12"]

1. e4 d5 2. exd5 Nf6 3. d4 Nxd5 4. Nf3 g6 5. c4 Nb6 6. Be3 Bg7 7. h3 O-O 8. Nc3
Nc6 9. Qd2 e5 10. d5 Ne7 11. O-O-O Nf5 12. g4 Nxe3 13. fxe3 Qe7 14. Be2 f5 15.
gxf5 Bxf5 16. e4 Bd7 17. Qe3 Na4 18. Nxa4 Bxa4 19. Rdg1 Rf4 20. h4 b6 21. h5
Raf8 22. hxg6 h6 23. Nh2 Bf6 24. g7 Bxg7 25. Ng4 Kh7 26. Nxh6 Rh4 27. Rxg7+ Kxg7
28. Qg3+ 1-0

[Event "TCh-CHN Division A 2014"]
[Site "Jinan CHN"]
[Date "2014.06.05"]
[Round "7.4"]
[White "Fang, Yuxiang"]
[Black "Mu, Ke"]
[Result "1/2-1/2"]
[WhiteElo "2324"]
[BlackElo "2413"]
[WhiteTeam "Qingdao Qingwei"]
[BlackTeam "Qingdao Experimental School"]
[WhiteFideId "8605840"]
[BlackFideId "8602778"]
[EventDate "2014.04.12"]

1. Nf3 Nf6 2. c4 g6 3. Nc3 Bg7 4. e4 O-O 5. d4 d6 6. Be2 c6 7. h3 a6 8. a4 a5 9.
O-O Na6 10. Be3 Nb4 11. Nd2 Ne8 12. f4 d5 13. cxd5 cxd5 14. e5 Bf5 15. Rc1 Nd3
16. Rb1 Nb4 17. Rc1 Nd3 18. Rb1 Nb4 19. Rc1 Nd3 20. Rb1 Nb4 21. Rc1 Nd3 22. Rb1
Nb4 23. Rc1 Nd3 24. Rb1 Nb4 25. Rc1 Nd3 26. Rb1 Nb4 27. Rc1 Nd3 28. Rb1 Nb4 29.
Rc1 Nd3 30. Rb1 1/2-1/2

[Event "TCh-CHN Division A 2014"]
[Site "Jinan CHN"]
[Date "2014.06.05"]
[Round "7.4"]
[White "Li, Wenxiang"]
[Black "Ma, Zhonghan"]
[Result "0-1"]
[WhiteElo "1846"]
[BlackElo "2471"]
[WhiteTeam "Qingdao Qingwei"]
[BlackTeam "Qingdao Experimental School"]
[WhiteFideId "8609748"]
[BlackFideId "8607206"]
[EventDate "2014.04.12"]

1. d4 Nf6 2. c4 e6 3. Nc3 Bb4 4. Qc2 d5 5. cxd5 exd5 6. Bg5 h6 7. Bxf6 Qxf6 8.
a3 Bxc3+ 9. Qxc3 O-O 10. e3 c6 11. Nf3 Bf5 12. Bd3 Nd7 13. Bxf5 Qxf5 14. O-O
Rfe8 15. Rfc1 a6 16. b4 Rac8 17. Qc2 Qe6 18. a4 Nf6 19. Rab1 Ne4 20. Nd2 Nd6 21.
Qd3 Re7 22. Nb3 Rce8 23. Nc5 Qg4 24. Qd1 Qg5 25. Nd3 Nc4 26. Nb2 Nd6 27. Nd3 Qf5
28. Nc5 h5 29. h3 Qg5 30. Nd3 Nc4 31. Rb3 Re4 32. Nc5 R4e7 33. Nd3 g6 34. Rbc3
Qh4 35. Qf3 Re6 36. Qf4 Qe7 37. Nc5 Rf6 38. Qg5 Nd6 39. Nd7 Rxf2 40. Qxe7 Rxe7
41. Kxf2 Ne4+ 42. Kf3 Rxd7 43. R3c2 Nd6 44. Ke2 Re7 45. Kd3 Kg7 46. Rf2 h4 47.
Rcf1 g5 48. Rf3 Ne4 49. Rb1 Rc7 50. Rff1 Nd6 51. Rfc1 Re7 52. Rf1 f6 53. Rf3 Kg6
54. Rbf1 Rf7 55. R3f2 Rf8 56. Rf3 Ne4 57. Rb1 Ra8 58. Rff1 Nd6 59. Rb2 Kf7 60.
Rbf2 Ne4 61. Rb2 Ke6 62. Rc1 Nd6 63. a5 Rg8 64. Rf1 Ne4 65. Rf3 Rg7 66. Rb1 g4
67. hxg4 Rxg4 68. Rb2 Rg6 69. Rf4 Rh6 70. Rb1 h3 71. gxh3 Rxh3 72. Rb2 Rh1 73.
Rxe4+ dxe4+ 74. Kxe4 Rd1 75. Kf3 Kd5 76. Ke2 Ra1 77. Kd3 Ra3+ 78. Kd2 Ke4 79.
Rc2 Rd3+ 80. Ke2 Rxe3+ 0-1

[Event "TCh-CHN Division A 2014"]
[Site "Jinan CHN"]
[Date "2014.06.05"]
[Round "7.4"]
[White "Wang, Xinyue"]
[Black "Gao, Hanxue"]
[Result "1-0"]
[WhiteElo "2139"]
[BlackElo "1766"]
[WhiteTeam "Qingdao Experimental School"]
[BlackTeam "Qingdao Qingwei"]
[WhiteFideId "8603960"]
[BlackFideId "8608873"]
[EventDate "2014.04.12"]

1. d4 d5 2. c4 c6 3. Nc3 Nf6 4. e3 Bf5 5. cxd5 Nxd5 6. Nxd5 Qxd5 7. Ne2 e6 8.
Bd2 Qd8 9. Bc3 Nd7 10. Nf4 Nf6 11. Bd3 Bxd3 12. Nxd3 Be7 13. O-O O-O 14. Bb4
Bxb4 15. Nxb4 Qe7 16. Nd3 Rfd8 17. Qb3 h6 18. a4 b6 19. Ne5 Qd6 20. a5 Qd5 21.
Qxd5 cxd5 22. Nc6 Rd6 23. Rfc1 bxa5 24. Rxa5 a6 25. b4 Rd7 26. b5 Rb7 27. bxa6
Rb6 28. a7 Ne8 29. Kf1 Nd6 30. Rcc5 Nb7 31. Rab5 Rxc6 32. Rxb7 Rxc5 33. dxc5 1-0

[Event "TCh-CHN Division A 2014"]
[Site "Jinan CHN"]
[Date "2014.06.05"]
[Round "7.4"]
[White "Lei, Tingjie"]
[Black "Lv, Jingen"]
[Result "1-0"]
[WhiteTitle "WGM"]
[WhiteElo "2421"]
[BlackElo "1823"]
[WhiteTeam "Qingdao Experimental School"]
[BlackTeam "Qingdao Qingwei"]
[WhiteFideId "8605114"]
[BlackFideId "8610509"]
[EventDate "2014.04.12"]

1. c4 Nf6 2. g3 e6 3. Bg2 d5 4. Nf3 Bd6 5. O-O O-O 6. d4 c6 7. Qc2 Nbd7 8. Nbd2
Bc7 9. e4 dxe4 10. Nxe4 h6 11. Bd2 e5 12. Bc3 exd4 13. Bxd4 Nxe4 14. Qxe4 Re8
15. Qc2 Ne5 16. Rad1 Nxf3+ 17. Bxf3 Qg5 18. Kg2 Be6 19. Rfe1 a6 20. Qb3 b5 21.
Bxc6 Bxc4 22. Qf3 Rxe1 23. Rxe1 Rd8 24. h4 Qd2 25. Bc3 Bd5 26. Bxd5 Qxd5 27.
Re8+ Kh7 28. Re7 Qxf3+ 29. Kxf3 Bb6 30. Rxf7 Bd4 31. Bxd4 Rxd4 32. Ke3 Rd6 33.
h5 Kg8 34. Rf4 Rd5 35. g4 Kh7 36. Rd4 Re5+ 37. Kd2 Re6 38. f3 Rc6 39. Rd3 Kg8
40. Rc3 Re6 41. Kc2 Kf7 42. Kb3 Ke7 43. Kb4 Kd7 44. Ka5 Rf6 45. Re3 Rd6 46. a3
Rf6 47. b3 Rd6 48. f4 Rf6 49. f5 Rd6 50. Re6 Rd3 51. Kxa6 Rxb3 52. Rg6 Rxa3+ 53.
Kxb5 1-0

[Event "TCh-CHN Division A 2014"]
[Site "Jinan CHN"]
[Date "2014.06.05"]
[Round "7.5"]
[White "Li, Di"]
[Black "Yu, Ruiyuan"]
[Result "1/2-1/2"]
[WhiteTitle "FM"]
[BlackTitle "GM"]
[WhiteElo "2209"]
[BlackElo "2552"]
[WhiteTeam "Chengdu"]
[BlackTeam "Jiangsu"]
[WhiteFideId "8607508"]
[BlackFideId "8603090"]
[EventDate "2014.04.12"]

1. d4 d5 2. c4 c6 3. Nf3 dxc4 4. a4 Nf6 5. Nc3 Bf5 6. Ne5 Nbd7 7. Nxc4 Nb6 8.
Ne5 a5 9. f3 Nfd7 10. e4 Nxe5 11. exf5 Ned7 12. d5 e6 13. dxe6 fxe6 14. fxe6 Nc5
15. Qxd8+ Rxd8 16. Be3 Be7 17. Kf2 Rf8 18. Be2 Rf6 19. Rhd1 Rxd1 20. Rxd1 Rxe6
21. b3 Nbd7 22. Bc4 Rd6 23. Rxd6 Bxd6 24. f4 Ke7 25. Kf3 Nb6 26. Bg8 h6 27. Ne4
Nbd7 28. Nc3 Ne6 29. Ne4 Bb4 30. f5 Nec5 31. f6+ Kf8 32. Bc4 Ne5+ 33. Kf4 Ng6+
34. Kf5 Nh4+ 35. Kg4 Nxe4 36. fxg7+ Kxg7 37. Kxh4 Bc5 38. Bf4 Bd6 39. Kg4 Bxf4
40. Kxf4 Nc5 41. Ke5 b5 42. axb5 cxb5 43. Bxb5 Nxb3 44. Kd5 Kf6 45. Kc4 Nd2+ 46.
Kd4 Kg5 47. Kc5 Kf4 48. Kb6 Ke3 49. Kxa5 Kf2 50. Bc6 Nf1 51. h4 Ne3 52. Kb4 Nxg2
53. Bxg2 1/2-1/2

[Event "TCh-CHN Division A 2014"]
[Site "Jinan CHN"]
[Date "2014.06.05"]
[Round "7.5"]
[White "Xu, Xiangyu CHN"]
[Black "Lin, Chen"]
[Result "1-0"]
[BlackTitle "IM"]
[WhiteElo "2277"]
[BlackElo "2463"]
[WhiteTeam "Chengdu"]
[BlackTeam "Jiangsu"]
[WhiteFideId "8608288"]
[BlackFideId "8602298"]
[EventDate "2014.04.12"]

1. e4 c5 2. Nf3 e6 3. d4 cxd4 4. Nxd4 a6 5. Bd3 b6 6. Nc3 Bb7 7. O-O Qc7 8. Qe2
Bd6 9. f4 Bc5 10. Be3 Nc6 11. Nxc6 Qxc6 12. Bxc5 Qxc5+ 13. Kh1 Ne7 14. e5 d6 15.
exd6 Qxd6 16. Rad1 Qc7 17. f5 e5 18. f6 gxf6 19. Be4 Ng6 20. Bxb7 Qxb7 21. Ne4
Ke7 22. Rxf6 Rad8 23. Nd6 Rxd6 24. Rfxd6 1-0